000
00359nam a2200145 a 4500
005
20140513081056.0
008
070807s19uu xx 00 eng d
020
_a
0-382-21240-1
050
_a
P
_b
WEA 1990
245
_a
Weather.
260
_a
New Jersey :
_b
Silver Burdett and Ginn,
_c
1990.
440
_a
World of languge
650
_a
Rain
999
_c
116522
_d
116522